00465nam a2200205Ia 4500008004100000020001800041050001600059100001700075245002000092245002000112260001500132260001700147260000900164300001600173300002000189300001000209300002600219440000600245500000800251170918s9999 xx 000 0 und d a9780689854170 bB433ri 2005 aBell, Hilari aRise of a hero/ cby Hilari Bell. aNew York : bSimon Pulse, c2005 a578 pages : billustrations ; c17cm. eThe farsala trilogy ; a2 a930